00271nam a22001097a 4500003000400000082002100004100002000025245004000045250001400085260005400099300000800153SGT a611.018931bO90B aBhaskar, S. N.  aOrban's Oral Histology & Embryology a10th Ed.  bC.B.S. Publishers & Distributers Pvt. Ltd. c1990 a477